000 00458nam a2200181Ia 4500
008 240925s9999 xx 000 0 und d
020 _a8121924502
082 _a621.38 MEH
100 _aMehta, V. K.
245 0 _aPrinciples of Electronics
250 _aNA
260 _aNew Delhi:
_bS. Chand & Co
_c,1980.
300 _axi,404p.
_bN.A
_fOriginal
500 _aIncludes Index
600 _aElectronic Engineering
650 _aTechnology
942 _cBK
999 _c11548
_d11548